Estadísticas para Ranking Mundial de Rugby por años

Haz click aquí para intentar la prueba.

Estadísticas generales

  • Esta prueba ha sido intentada 90 veces
  • La puntuación promedio es 74 de 80

Estadísticas de respuestas

AñoSelección% Correcto
2021Australia
100%
2023Australia
100%
2017Australia
100%
2022Australia
100%
2020Australia
100%
2016Australia
100%
2019Australia
100%
2018Australia
100%
2018Francia
99%
2016Francia
99%
2021Francia
99%
2022Francia
99%
2020Francia
99%
2019Francia
99%
2023Francia
99%
2017Francia
99%
2023Nueva Zelanda
99%
2017Nueva Zelanda
99%
2020Nueva Zelanda
99%
2018Nueva Zelanda
99%
2019Nueva Zelanda
99%
2021Nueva Zelanda
99%
2022Nueva Zelanda
99%
2016Nueva Zelanda
99%
2016Argentina
95%
2023Argentina
95%
2020Argentina
95%
2018Argentina
95%
2019Argentina
95%
2021Argentina
95%
2022Argentina
95%
2017Argentina
95%
2018Inglaterra
95%
2023Inglaterra
95%
2019Inglaterra
95%
2016Inglaterra
95%
2021Inglaterra
95%
2022Inglaterra
95%
2020Inglaterra
95%
2017Inglaterra
95%
2017Sudáfrica
95%
2022Sudáfrica
95%
2020Sudáfrica
95%
2021Sudáfrica
95%
2018Sudáfrica
95%
2019Sudáfrica
95%
2023Sudáfrica
95%
2016Sudáfrica
95%
2016Irlanda
93%
2017Irlanda
93%
2023Irlanda
93%
2018Irlanda
93%
2020Irlanda
93%
2019Irlanda
93%
2022Irlanda
93%
2021Irlanda
93%
2023Escocia
87%
2016Escocia
87%
2022Escocia
87%
2021Escocia
87%
2017Escocia
87%
2019Escocia
87%
2020Escocia
87%
2018Escocia
87%
2020Gales
87%
2016Gales
87%
2021Gales
87%
2018Gales
87%
2017Gales
87%
2023Gales
87%
2022Gales
87%
2019Gales
87%
2019Fiyi
79%
2023Fiyi
79%
2016Fiyi
79%
2017Fiyi
79%
2018Fiyi
79%
2020Japón
76%
2021Japón
76%
2022Japón
76%

Distribución de puntuación

Porcentaje por número respondido

Porcentaje de gente con cada puntuación

Historial de tus puntuaciones

No has intentado esta prueba.